000 00501nam a2200193 i 4500
001 C2-0285723
003 PPAK
005 20180729000715.0
008 080109s2004 my |||| ||||| | eng d
040 _aPPAK
_beng
_cPPAK
_erda
245 1 0 _aApril Fool's day
264 1 _aKuala Lumpur :
_bBerjaya HVN ,
_c2004
336 _2rdacontent
_atext
337 _2rdamedia
_aunmediated
338 _2rdacarrier
_avolume
500 _aVCD 2635/07
700 1 _aWalton, Fred,
_ecompile
942 _2ddc
_cVCD
999 _c165567
_d165567